| 000 | 00384nam a22001457a 4500 | ||
|---|---|---|---|
| 003 | OSt | ||
| 005 | 20160727222412.0 | ||
| 008 | 160624b xxu||||| |||| 00| 0 eng d | ||
| 040 | _cTest | ||
| 100 |
_91026 _aFritz, J |
||
| 245 | _aWhy Don't You Get a House Sam Adams | ||
| 260 |
_aN.Y _b Coward, McCann & Geoghegan _c1974 |
||
| 300 | _aWhy Don't You Get a House Sam Adams | ||
| 942 |
_2ddc _cBK |
||
| 999 |
_c820 _d820 |
||